[Event "ITA-ch U14 Girls"]
[Site "Courmayeur"]
[Date "2013.06.30"]
[Round "1"]
[White "Di Benedetto, Desiree"]
[Black "Buitoni, Martina"]
[Result "1-0"]
[WhiteElo "1754"]
[BlackElo "1446"]
[PlyCount "99"]
[EventDate "2013.06.30"]
[EventType "swiss"]
[EventRounds "9"]
[EventCountry "ITA"]
[SourceTitle "EXT 2015"]
[Source "ChessBase"]
[SourceDate "2014.11.20"]
[SourceVersion "1"]
[SourceVersionDate "2014.11.20"]
[SourceQuality "1"]

1. e4 d5 2. exd5 Qxd5 3. Nc3 Qa5 4. Bc4 Nf6 5. d3 c6 6. Nge2 Bf5 7. Bd2 Qc7 8. h3 e6 9. Bf4 Bd6 10. Bxd6 Qxd6 11. Ng3 Bg6 12. Qe2 Nbd7 13. 0-0 0-0 14. Rad1 Rfe8 15. Nce4 Nxe4 16. dxe4 Qc7 17. f4 Nc5 18. Qf3 h6 19. f5 exf5 20. exf5 Bh7 21. Kh1 Kh8 22. b4 Na4 23. Bb3 Nb6 24. Ne4 Rad8 25. Nc5 Bg8 26. Rfe1 Nc8 27. f6 Rxd1 28. fxg7+ Kxg7 29. Rxd1 Qe5 30. Nxb7 Qf6 31. Qxf6+ Kxf6 32. Nd6 Rd8 33. Rf1+ Ke7 34. Nf5+ Kf8 35. Nxh6 Nd6 36. Nxg8 Kxg8 37. Rd1 Kf8 38. c4 Ke7 39. c5 Nb7 40. Rxd8 Nxd8 41. Kg1 Ne6 42. Bxe6 fxe6 43. Kf2 a6 44. Ke3 Kf6 45. Kf4 e5+ 46. Ke4 Ke6 47. g4 Kf6 48. h4 Ke6 49. g5 Kf7 50. Kxe5 1-0